书目信息 |
| 题名: |
中国古代民间习俗
|
|
| 作者: | 徐潜 主编 ;高英慧 , 于元 编著 | |
| 分册: | ||
| 出版信息: | 长春 吉林文史出版社 2018重印 |
|
| 页数: | 204页 | |
| 开本: | 24cm | |
| 丛书名: | 多姿多彩的风土人情 | |
| 单 册: | ||
| 中图分类: | K892-49 | |
| 科图分类: | ||
| 主题词: | 风俗习惯--feng su xi guan--中国--古代--通俗读物 | |
| 电子资源: | ||
| ISBN: | 978-7-5472-1511-1 | |
| 000 | 00987cam 2200289 45 | |
| 001 | 012001010197 | |
| 005 | 20140101091902.0 | |
| 010 | @a978-7-5472-1511-1@dCNY33.80 | |
| 099 | @aCAL 012014048282 | |
| 100 | @a20140301d2014 em y0chiy50 ea | |
| 101 | 0 | @achi |
| 102 | @aCN@b220000 | |
| 105 | @aa z 000yy | |
| 106 | @ar | |
| 200 | 1 | @a中国古代民间习俗@Azhong guo gu dai min jian xi su@f徐潜主编@g高英慧, 于元编著 |
| 210 | @a长春@c吉林文史出版社@d2018重印 | |
| 215 | @a204页@c图@d24cm | |
| 225 | 2 | @a多姿多彩的风土人情@Aduo zi duo cai de feng tu ren qing |
| 330 | @a本书共分为五部分, 主要内容包括: 清明与寒食、饮酒与行令、风水与巫术、手相与面相、年谱与家谱。 | |
| 410 | 0 | @12001@a多姿多彩的风土人情 |
| 606 | 0 | @a风俗习惯@Afeng su xi guan@y中国@z古代@j通俗读物 |
| 690 | @aK892-49@v4 | |
| 701 | 0 | @a徐潜@Axu qian@4主编 |
| 702 | 0 | @a高英慧@Agao ying hui@4编著 |
| 702 | 0 | @a于元@Ayu yuan@4编著 |
| 801 | 2 | @aCN@b上海新华@c20191020 |
| 905 | @b1135973-6@dK892-49@e317@f4 | |
| 中国古代民间习俗/徐潜主编/高英慧, 于元编著.-长春:吉林文史出版社,2018重印 |
| 204页:图;24cm.-(多姿多彩的风土人情) |
| ISBN 978-7-5472-1511-1:CNY33.80 |
| 本书共分为五部分, 主要内容包括: 清明与寒食、饮酒与行令、风水与巫术、手相与面相、年谱与家谱。 |
| ● |
| 相关链接 |
|
|
|
|
正题名:中国古代民间习俗
索取号:K892-49/317
 
预约/预借
| 序号 | 登录号 | 条形码 | 馆藏地/架位号 | 状态 | 备注 |
| 1 | 1135973 | 211359732 | 第二样本阅览室/ [索取号:K892-49/317] | 在馆 | |
| 2 | 1135974 | 211359741 | 第二借阅区/ [索取号:K892-49/317] | 在馆 | |
| 3 | 1135975 | 211359750 | 第二借阅区/ [索取号:K892-49/317] | 在馆 | |
| 4 | 1135976 | 211359769 | 第二借阅区/ [索取号:K892-49/317] | 在馆 |